Library dcience and its facets. (Record no. 153034)

MARC details
000 -LEADER
fixed length control field 00765nam a22002177a 4500
005 - DATE AND TIME OF LATEST TRANSACTION
control field 20180702145607.0
010 ## - LCCN (DPL NO)
LC control number A-904882
020 ## - INTERNATIONAL STANDARD BOOK NUMBER
International Standard Book Number 8170002230
Terms of availability 900.00
035 ## - SYSTEM CONTROL NUMBER
System control number A-904882
037 ## - SOURCE OF ACQUISITION
Source of stock number/acquisition Ess Ess Publications
082 ## - DEWEY DECIMAL CLASSIFICATION NUMBER
Classification number 020
245 ## - TITLE STATEMENT
Title Library dcience and its facets.
Statement of responsibility, etc H.R.Chopra, U.C Sharma [and] M.K Srivastava,.
260 ## - PUBLICATION, DISTRIBUTION, ETC. (IMPRINT)
Place of publication, distribution, etc New Delhi
Name of publisher, distributor, etc Ess Ess Publications
Date of publication, distribution, etc 1998
270 ## - ADDRESS
Address 4837/24, Ansari Road, Darya Ganj, New Delhi-110002
City New Delhi
Postal code 110002
300 ## - PHYSICAL DESCRIPTION
Extent 269p.(V2)
Dimensions 22cm(hb)
700 ## - ADDED ENTRY--PERSONAL NAME
Personal name Chopra,R.H.
700 ## - ADDED ENTRY--PERSONAL NAME
Personal name Srivastava, M.K
700 ## - ADDED ENTRY--PERSONAL NAME
Personal name Sharma,U.C.
942 ## - ADDED ENTRY ELEMENTS (KOHA)
Source of classification or shelving scheme Dewey Decimal Classification
Item type English Books
Classification part 020
Call number suffix CHO
Holdings
Withdrawn status Lost status Not for loan Collection code Home library Current library Date acquired Full call number Barcode Koha item type
      Non-fiction Sarojini Nagar Sarojini Nagar 01/07/2018 020 CHO A-904882 English Books

© Delhi Public Library
Hit Counter
free hit counter